Azul (Record no. 51852)
[ view plain ]
| 000 -LEADER | |
|---|---|
| campo de control de longitud fija | 00736nam a2200241 i 4500 |
| 001 - NÚMERO DE CONTROL | |
| campo de control | 51852 |
| 003 - IDENTIFICADOR DE NÚMERO DE CONTROL | |
| campo de control | ES-MaACL |
| 005 - FECHA Y HORA DE LA ÚLTIMA TRANSACCIÓN | |
| campo de control | 20240225063049.0 |
| 007 - CAMPO FIJO DE DESCRIPCIÓN FÍSICA--INFORMACIÓN GENERAL | |
| campo de control de longitud fija | t| |
| 008 - DATOS DE LONGITUD FIJA--INFORMACIÓN GENERAL | |
| campo de control de longitud fija | 030820s1957 sp c |||| | spa d |
| 100 1# - ENTRADA PRINCIPAL--NOMBRE DE PERSONA | |
| Nombre de persona | Darío, Rubén, |
| Fechas asociadas al nombre | 1867-1916 |
| 9 (RLIN) | 42720 |
| 245 10 - MENCIÓN DEL TÍTULO | |
| Título | Azul |
| Resto del título | ; Cuentos ; Poemas en prosa / |
| Mención de responsabilidad, etc. | Rubén Darío ; nota preliminar de F.S.R. |
| 246 10 - FORMA VARIANTE DEL TITULO | |
| Título propio/Titulo breve | Cuentos |
| 246 10 - FORMA VARIANTE DEL TITULO | |
| Título propio/Titulo breve | Poemas en prosa |
| 250 ## - MENCION DE EDICION | |
| Mención de edición | 3ª ed. |
| 260 ## - PUBLICACIÓN, DISTRIBUCIÓN, ETC. | |
| Lugar de publicación, distribución, etc. | Madrid : |
| Nombre del editor, distribuidor, etc. | Aguilar, |
| Fecha de publicación, distribución, etc. | 1957 ( |
| Fabricante | Canales) |
| 300 ## - DESCRIPCIÓN FÍSICA | |
| Extensión | 524 p. : |
| Otras características físicas | retr. autor ; |
| Dimensiones | 12 cm. |
| 490 1# - MENCIÓN DE SERIE | |
| Mención de serie | Crisol ; |
| Designación de volumen o secuencia | 115 |
| 700 1# - ENTRADA AGREGADA--NOMBRE PERSONAL | |
| Nombre de persona | Sainz de Robles, Federico Carlos, |
| Fechas asociadas al nombre | 1898-1982 |
| 9 (RLIN) | 101593 |
| 830 0# - PUNTO DE ACCESO ADICIONAL DE SERIE-TÍTULO UNIFORME | |
| Título uniforme | Crisol ; |
| Designación de volumen o secuencia | 115 |
| 9 (RLIN) | 180848 |
| 852 ## - LOCALIZACIÓN | |
| Ubicación | ES-MaACL |
| Número de control de estantería | D-8418 |
| Estatus retirado | Estado de pérdida | Estado de daño | No para préstamo | Biblioteca de origen | Biblioteca actual | Ubicación en estantería | Fecha de adquisición | Fuente de adquisición | Total de préstamos | Signatura topográfica completa | Código de barras | Visto por última vez | Precio de reemplazo | Tipo de ítem Koha |
|---|---|---|---|---|---|---|---|---|---|---|---|---|---|---|
| Biblioteca del Ateneo de Madrid | Biblioteca del Ateneo de Madrid | Sala Valle Inclán | 17/01/2008 | D-8418 | 901054521 | 23/02/2023 | 23/02/2023 | Libro impreso |
